Grézló János
Elmentve itt :
| Dokumentumtípus: | Cikk |
|---|---|
| Megjelent: |
1924-10-19
|
| Sorozat: | Délmagyarország
5 No. 241 |
| Kulcsszavak: | Grézló János, Haláleset Szeged 1924, Szeged, Halálozás |
| Online Access: | http://dmarchiv.bibl.u-szeged.hu/37433 |
| LEADER | 00430nab a2200145 i 4500 | ||
|---|---|---|---|
| 001 | delm37433 | ||
| 005 | 20180927112930.0 | ||
| 008 | 180927s1924 hu o 0|| hun d | ||
| 040 | |a SZTE Délmagyarország Archívum |b hun | ||
| 041 | |a hun | ||
| 245 | 0 | 0 | |a Grézló János |h [elektronikus dokumentum] |
| 260 | |c 1924-10-19 | ||
| 300 | |a 9 | ||
| 490 | 0 | |a Délmagyarország |v 5 No. 241 | |
| 695 | |a Grézló János, Haláleset Szeged 1924, Szeged, Halálozás | ||